书目信息 |
| 题名: |
高等地球化学
|
|
| 作者: | ;中国科学院地球化学研究所 编 | |
| 分册: | ||
| 出版信息: | 北京 科学出版社 1998.11 |
|
| 页数: | 491页 | |
| 开本: | 26cm | |
| 丛书名: | 中国科学院研究生教学丛书 | |
| 单 册: | ||
| 中图分类: | P59 | |
| 科图分类: | ||
| 主题词: | 地球化学 | |
| 电子资源: | ||
| ISBN: | 7-03-006596-4 | |
| 000 | 00669nam2 2200217 45 | |
| 001 | 0103260892 | |
| 005 | 20041221155958.2 | |
| 010 | @a7-03-006596-4@dCNY59.00 | |
| 100 | @a20010326d1998 km y0chiy0120 ea | |
| 101 | 0 | @achi |
| 105 | @a z 000yy | |
| 200 | 1 | @a高等地球化学@AGao Deng Di Qiu Hua Xue@f中国科学院地球化学研究所编@FZhong Guo Ke Xue Yuan Di Qiu Hua Xue Yan Jiu Suo Bian |
| 210 | @a北京@c科学出版社@d1998.11 | |
| 215 | @a491页@d26cm | |
| 225 | @a中国科学院研究生教学丛书 | |
| 410 | @12001 @a中国科学院研究生教学丛书 | |
| 606 | 0 | @a地球化学 |
| 690 | @aP59@v1 | |
| 711 | 02 | @a中国科学院地球化学研究所@4编 |
| 801 | @aCN@bTSTC@c20010326 | |
| 905 | @dP59@e61 | |
| 高等地球化学/中国科学院地球化学研究所编.-北京:科学出版社,1998.11 |
| 491页;26cm.-(中国科学院研究生教学丛书) |
| ISBN 7-03-006596-4:CNY59.00 |
| ● |
| 相关链接 |
|
|
|
|
正题名:高等地球化学
索取号:P59/61
 
预约/预借
| 序号 | 登录号 | 条形码 | 馆藏地/架位号 | 状态 | 备注 |
| 1 | 0295961 | 002959613 | 第三借阅区/ [索取号:P59/61] | 在馆 | |
| 2 | 0295962 | 002959622 | 第三借阅区/ [索取号:P59/61] | 在馆 | |
| 3 | 0295963 | 002959631 | 第三借阅区/ [索取号:P59/61] | 在馆 | |
| 4 | 0295964 | 002959640 | 第三借阅区/ [索取号:P59/61] | 在馆 | |
| 5 | 0295965 | 002959659 | 第二样本阅览室/ [索取号:P59/61] | 在馆 |